| 000 | 00666nam a2200181 a 4500 | ||
|---|---|---|---|
| 001 | 0649 | ||
| 005 | 20140414131917.0 | ||
| 008 | 040202s19uu xx 00 eng d | ||
| 020 | _a0-02-178753-0 | ||
| 050 |
_aER _bG59 1993 |
||
| 100 | _aAoki, Elaine | ||
| 245 |
_aGoodness gracious me! / _cElaine Mei Aoki, et al. |
||
| 260 |
_aNew York : _bMacmillan, _c1993. |
||
| 300 | _a143 p. ; cm. | ||
| 500 | _aContents: Coco Can't Wait--The Folk Who Live In Backward Town--I Need Lunch Box--Robert, Who is Often a Stranger to Himself--Hattie and the Fox--The Story of Chicken Licken--Something Big has been Here. | ||
| 650 | _aCollection of stories. | ||
| 999 |
_c111536 _d111536 |
||